Vibration of mechanical systems / (Record no. 63635)

000 -LEADER
fixed length control field 03107cam a22003374a 4500
001 - CONTROL NUMBER
control field 16240961
003 - CONTROL NUMBER IDENTIFIER
control field NUST - PNEC
005 - DATE AND TIME OF LATEST TRANSACTION
control field 20170116180819.0
008 - FIXED-LENGTH DATA ELEMENTS--GENERAL INFORMATION
fixed length control field 100518s2010 nyua b 001 0 eng
010 ## - LIBRARY OF CONGRESS CONTROL NUMBER
LC control number 2010021143
020 ## - INTERNATIONAL STANDARD BOOK NUMBER
International Standard Book Number 9781107694170
020 ## - INTERNATIONAL STANDARD BOOK NUMBER
International Standard Book Number 9780521518734 (hardback)
020 ## - INTERNATIONAL STANDARD BOOK NUMBER
International Standard Book Number 0521518733 (hardback)
035 ## - SYSTEM CONTROL NUMBER
System control number (OCoLC)ocn639939767
040 ## - CATALOGING SOURCE
Original cataloging agency DLC
Transcribing agency LIBRARY
Modifying agency YDX
-- YDXCP
-- CDX
-- DLC
042 ## - AUTHENTICATION CODE
Authentication code pcc
050 00 - LIBRARY OF CONGRESS CALL NUMBER
Classification number TJ177
Item number .S56 2010
082 00 - DEWEY DECIMAL CLASSIFICATION NUMBER
Classification number 621.3811 SIN
100 1# - MAIN ENTRY--PERSONAL NAME
Personal name Sinha, Alok K.
245 10 - TITLE STATEMENT
Title Vibration of mechanical systems /
Statement of responsibility, etc. Alok Sinha.
260 ## - PUBLICATION, DISTRIBUTION, ETC.
Place of publication, distribution, etc. New York :
Name of publisher, distributor, etc. Cambridge University Press,
Date of publication, distribution, etc. 2010.
300 ## - PHYSICAL DESCRIPTION
Extent xv, 308 p. :
Other physical details ill. ;
Dimensions 24 cm.
504 ## - BIBLIOGRAPHY, ETC. NOTE
Bibliography, etc. note Includes bibliographical references and index.
505 8# - FORMATTED CONTENTS NOTE
Formatted contents note Machine generated contents note: 1. Equivalent single degree of freedom system and free vibration; 2. Vibration of a single degree of freedom system under constant and purely harmonic excitation; 3. Responses of a SDOF spring-mass-damper system to periodic and arbitrary forces; 4. Vibration of two degrees of freedom systems; 5. Finite and infinite (continuous) dimensional systems; References; Appendix A; Appendix B; Appendix C.
520 ## - SUMMARY, ETC.
Summary, etc. "In this textbook all the basic concepts in mechanical vibrations are clearly identified and presented in a concise and simple manner with illustrative and practical examples. Vibration concepts include a review of selected topics in mechanics; a description of single-degree-of-freedom (SDOF) systems in terms of equivalent mass, equivalent stiffness, and equivalent damping; a unified treatment of various forced response problems (base excitation and rotating balance); an introduction to systems thinking, highlighting the fact that SDOF analysis is a building block for multi-degree-of-freedom (MDOF) and continuous system analyses via modal analysis; and a simple introduction to finite element analysis to connect continuous system and MDOF analyses. There are more than 60 exercise problems, and a complete solutions manual. The use of MATLAB® software is emphasised"--
520 ## - SUMMARY, ETC.
Summary, etc. "In this book, all the basic concepts in mechanical vibrations are clearly identified and presented in a concise and simple manner with illustrative and practical examples. Vibration concepts include a review of selected topics in mechanics; a description of single-degree-of-freedom (SDOF) systems in terms of equivalent mass, equivalent stiffness, and equivalent damping; a unified treatment of various forced response problems (base excitation and rotating balance); an introduction to systems thinking, highlighting the fact that SDOF analysis is a building block for multi-degree-of-freedom (MDOF) and continuous system analyses via modal analysis; and a simple introduction to finite element analysis to connect continuous system and MDOF analyses"--
650 #0 - SUBJECT ADDED ENTRY--TOPICAL TERM
Topical term or geographic name entry element Machinery
General subdivision Vibration.
-- ME
906 ## - LOCAL DATA ELEMENT F, LDF (RLIN)
a 7
b cbc
c orignew
d 1
e ecip
f 20
g y-gencatlg
942 ## - ADDED ENTRY ELEMENTS (KOHA)
Source of classification or shelving scheme
Koha item type Book
Holdings
Withdrawn status Lost status Source of classification or shelving scheme Damaged status Not for loan Permanent Location Current Location Shelving location Date acquired Source of acquisition Cost, normal purchase price Total Checkouts Full call number Barcode Date last seen Cost, replacement price Price effective from Koha item type
          Pakistan Navy Engineering College (PNEC) Pakistan Navy Engineering College (PNEC) Reference 06/04/2015 Progressive agency/Library Grant 7066.30   621.3811 SIN PNECLIB-032132 06/11/2015 7066.30 06/04/2015 Book
© 2023 Central Library, National University of Sciences and Technology. All Rights Reserved.